00340 2200145 4500001002100000005001500021035002000036245004400056100001800100300001100118260003100129082000800160084001400168990001200182INLIS00000000000231220250528085450 a0010-05250006041 a90 Menit Bersama Hegel /cPaul Stratern0 aPaul Stratern a80 hlm aJakarta :bErlangga,c2001 a100 a100 PAU s a0713093